000 00539nam a2200157 i 4500
001 84363
003 ES-MaACL
007 t|
008 041122s1984 sp ||||1| spa d
100 1 _aJiménez Fernández, Carmen.
_966521
245 1 0 _aFormulario y tablas de pedagogía experimental /
_cCarmen Jiménez Fernández, Ramón Pérez Juste.
260 _a[Madrid] :
_bUniversidad Nacional de Educación a Distancia,
_c[1984]
300 _a147 p. ;
_c24 cm.
700 1 _aPérez Juste, Ramón.
_990958
852 _aES-MaACL
_jL-7600
_bR.108514
999 _c84363
_d84363